000 00656nam a2200241Ia 4500
008 160404s9999 xx 000 0 und d
020 _a971-23-080-4-9
050 _aFIL HG 4026
050 _b.M53 1988
100 _aMedina, Roberto G.
245 _aBusiness finance /
245 _cRoberto G. Medina.
260 _aManila:
260 _bRex Book Store, Inc.,
260 _c1988
300 _a381 pages :
300 _billustrations ;
300 _c22 cm.
500 _aIncludes bibliographical references and index.
650 _aBusiness -- Finance.
650 _aCorporations -- Finance.
650 _xBusiness enterprises -- Finance.
999 _c293266
_d293266